Southville International School and Colleges
Your cart is empty.
  • Cart
  • Lists
    Public lists Eva Luna New books Lux_list list_1
    Your lists Log in to create your own lists
  • Log in to your account
  • Your cookies
  • Search history
Southville International School and Colleges
  • Advanced search
  • Recent comments
  • Most popular
  • Libraries

Log in to your account

Log in with GOOGLE


If you do not have an external account, but do have a local account, you can still log in:

  1. Home
  2. MARC view: Big pig on a dig
Normal view MARC view ISBD view

Big pig on a dig (Record no. 366683)

[ view plain ]
MARC details
000 -LEADER
fixed length control field 00647nam a22002057a 4500
003 - CONTROL NUMBER IDENTIFIER
control field 0
005 - DATE AND TIME OF LATEST TRANSACTION
control field 20241112131352.0
008 - FIXED-LENGTH DATA ELEMENTS--GENERAL INFORMATION
fixed length control field 241112b xxu||||| |||| 00| 0 eng d
020 ## - INTERNATIONAL STANDARD BOOK NUMBER
International Standard Book Number 978074607718-4
082 ## - DEWEY DECIMAL CLASSIFICATION NUMBER
Classification number ER
Item number B592 2006
100 ## - MAIN ENTRY--PERSONAL NAME
Personal name Cox, Phil Roxbee
245 ## - TITLE STATEMENT
Title Big pig on a dig
Statement of responsibility, etc Phil Roxbee Cox; illustrated by Stephen Cartwright.
260 ## - PUBLICATION, DISTRIBUTION, ETC. (IMPRINT)
Place of publication, distribution, etc Saffron Hill, London :
Name of publisher, distributor, etc Usborne Publishing Ltd,
Date of publication, distribution, etc 2006.
300 ## - PHYSICAL DESCRIPTION
Extent 16 p. :
Other physical details col. ill. ;
Dimensions 21 cm.
440 ## - SERIES STATEMENT/ADDED ENTRY--TITLE
Title Usborne phonics readers.
650 ## - SUBJECT ADDED ENTRY--TOPICAL TERM
Topical term or geographic name as entry element Picture books
650 ## - SUBJECT ADDED ENTRY--TOPICAL TERM
Topical term or geographic name as entry element Children's stories Pictorial works
700 ## - ADDED ENTRY--PERSONAL NAME
Personal name Cartwright, Stephen,
Relator term illustrator.
942 ## - ADDED ENTRY ELEMENTS (KOHA)
Source of classification or shelving scheme Dewey Decimal Classification
Koha item type Books
Holdings
Withdrawn status Lost status Source of classification or shelving scheme Damaged status Home library Current library Shelving location Date acquired Source of acquisition Sub Shelving location Total Checkouts Full call number Barcode Date last seen Price effective from Koha item type
    Dewey Decimal Classification   Munich Library Munich Library Easy Reading Section 11/12/2024 Library Fund     ER B592 2006 M8636 11/12/2024 11/12/2024 Books

Big pig on a dig

APA

Cox P. R., Cartwright S., . (2006). Big pig on a dig. Saffron Hill, London: Usborne Publishing Ltd.

Chicago

Cox Phil Roxbee, Cartwright Stephen, . 2006. Big pig on a dig. Saffron Hill, London: Usborne Publishing Ltd.

Harvard

Cox P. R., Cartwright S., . (2006). Big pig on a dig. Saffron Hill, London: Usborne Publishing Ltd.

MLA

Cox Phil Roxbee, Cartwright Stephen, . Big pig on a dig. Saffron Hill, London: Usborne Publishing Ltd. 2006.

  • Place hold
  • Print
  • Cite
  • Add to your cart (remove)
  • Save record
    BIBTEX Dublin Core MARCXML MARC (non-Unicode/MARC-8) MARC (Unicode/UTF-8) MARC (Unicode/UTF-8, Standard) MODS (XML) RIS
  • More searches
    Search for this title in:
    Other Libraries (WorldCat) Other Databases (Google Scholar) Online Stores (Bookfinder.com) Open Library (openlibrary.org)

Exporting to Dublin Core...

SOUTHVILLE LIBRARY

Southville International School and Colleges Library

1281 Tropical Ave. Cor. Luxembourg St., BF Homes International, Las Pinas City

Tel. No. 8256374 / 252358 Loc. 117/146

Powered by Koha